The Good Soldier Svejk /

Tallennettuna:
Bibliografiset tiedot
Päätekijä: Hašek, Jaroslav, 1883-1923.
Muut tekijät: Parrott, Cecil (translated.)
Aineistotyyppi: Kirja
Kieli:English
Julkaistu: London : David Campbell, 1993.
Aiheet:
Tagit: Lisää tagi
Ei tageja, Lisää ensimmäinen tagi!
Thư viện lưu trữ: Mạng thư viện Đại học Đà Nẵng
LEADER 00955cam a2200361 i 4500
001 000047278
003 6878
005 20030410152322.0
008 010306|1993 vm 000 eng
020 |a 1857151518 
022 |a T 
040 |a IRC  |c IRC  |d IRC 
041 1 |a eng 
082 1 4 |a 891.86  |b HA-J 
100 1 |a Hašek, Jaroslav,  |d 1883-1923. 
245 0 4 |a The Good Soldier Svejk /  |c Jaroslav Hasek ; Translated and introduced by Cecil Parrott. 
260 |a London :  |b David Campbell,  |c 1993. 
300 |a 800p. ;  |c 20.5cm. 
630 0 4 |a Czech literature. 
630 0 4 |a Jaroslav Hasek. 
630 0 4 |a The Good Soldier Svejk. 
650 0 4 |a Literature, Czech. 
700 1 |a Parrott, Cecil,  |e translated. 
OWN |a DUT 
999 |a From the UDN01 
TYP |a Monograph 
TYP |a Printed language 
980 |a Mạng thư viện Đại học Đà Nẵng